000 00722nas a2200229 4500
001 BR9208390
003 BR-BrBNA
005 20231205093109.0
007 ta
008 230509b bl.|||p| |||| 00| 00por d
040 _aBR-BrBNA
_bpor
_cBiblioteca Nacional de Agricultura
041 _a(Pt)
072 _aH10
100 1 _aCouturier, G.
245 1 _aAlguns insetos do cubiu (Solanum sessiliflorum Dunal var. sessiliflorum Dunal, Solanaceae)na regiao de Manaus, Amazonas
650 _aCUBIU
650 _aCOCHONILHA
650 _aAMAZONAS
773 0 _tActa Amazonica (Brazil)
_xISSN 0044-5967
_g(Jul-Dec 1988), v. 18(3-4) p. 93-103
_wBR9208390
909 _a202311
_bLúcia
_c55
_dLúcia Elande
942 _2AGRIS
_n0
_cANA
999 _c136210
_d136210